| 000 | 00694nam a2200205 a 4500 | ||
|---|---|---|---|
| 005 | 20240924070322.0 | ||
| 008 | 050210s2004 mx r 000 0 spa d | ||
| 020 | _a970701475X | ||
| 035 | _aUPN01000137967 | ||
| 049 | _aCG | ||
| 050 | 4 |
_aGN316 _bJ3.2 |
|
| 100 | 1 | _aJacorzynski, Witold | |
| 245 | 1 | 0 |
_aCrepúsculo de los ídolos en la antropología social : _bmás allá de Malinowski y los posmodernistas / _cWitold Jacorzynski. |
| 260 |
_aMéxico : _bCIESAS : _bM. A. Porrúa, _c2004. |
||
| 300 | _a220 p. | ||
| 440 | 0 |
_aSociedades. _pHistorias. _pLenguajes |
|
| 650 | 2 |
_aEtnología _94794 |
|
| 600 | 1 | 4 |
_aMALINOWSKI, BRONISLAW, _d1884-1942 - _xCRITICA E INTERPRETACION _98714 |
| 905 | _aLibro | ||
| 999 |
_c110118 _d110118 |
||